Tragedia y política en Esquilo

Guardat en:
Dades bibliogràfiques
Autor principal: Miralles, Carlos (autor)
Format: Llibre
Idioma:espanyol
Publicat: Barcelona Ariel 1968
Col·lecció:Convivium, 7
Matèries:
Etiquetes: Afegir etiqueta
Sense etiquetes, Sigues el primer a etiquetar aquest registre!

MARC

LEADER 00000nam a2200000 a 4500
001 UCP7586
003 CL-VaPUC
008 991217e19680000SP |||||||||||||||||spa|d
082 0 4 |a 882.09  |b MIR  |2 21 
100 |a Miralles, Carlos  |e autor  |9 437033 
245 1 0 |a Tragedia y política en Esquilo 
300 |a 253 p 
942 |c BK 
945 |d 19991217 00:00:00  |a rherrera 
260 |a Barcelona  |b Ariel  |c 1968 
600 0 |a Esquilo  |e autor   |9 269410 
650 0 |a Tragedia griega  |9 265362 
650 0 |a Crítica e interpretación   |9 255042 
650 0 |a Sátira  |9 313713 
583 |a last modification  |c 19991217 00:00:00  |k Rodrigo Vera 
490 0 |a Convivium, 7 
999 |c 284706  |d 284704 
952 |0 0  |1 0  |4 0  |6 882_090000000000000_MIR_1968  |7 0  |8 A  |9 328887  |a BIBHIS  |b BIBHIS  |d 2019-11-20  |i 1379372  |o 882.09 MIR 1968  |p 1379372  |r 2025-01-20  |w 2019-11-20  |y BK  |k HIS